00403pam a2200133a 44500008004100000020002600041082001500067100002400082245005800106260006500164300001000229906001100239999001900250230405s2006 xxu||||| |||| 00| 0 eng d a8180617998cRs.346.50 a618.2bBAS aBasavanthappa, B.T. aTextbook of Midwifery and Reproductive Health Nursing aNew DelhibJaypee Brothers Medical Publishers (P) Ltd.c2006 a812 p a000635 c249409d249409